| 000 | 02271cam a22005294i 4500 | ||
|---|---|---|---|
| 003 | PE-LiUPU | ||
| 005 | 20250731180133.0 | ||
| 008 | 150625s2006 pe a rb 000 0 spa d | ||
| 035 | _a(Sirsi) a37737 | ||
| 040 |
_aPE-LiUPU _bspa _cPE-LiUPU _dPE-LiUPU _erda |
||
| 049 | _aPRUA | ||
| 082 | 0 | 4 |
_a510.02465 _bF18 _221 |
| 100 | 1 |
_aFalcón Delgado, Luis Enrique, _eautor. |
|
| 245 | 1 | 0 |
_aTópicos de matemáticas Financieras : _bcon aplicaciones en excel / _cLuis Enrique Falcón Delgado. |
| 264 | 1 |
_aLima : _b[Estudio Falcón Delgado & Contadores S.A.C.], _c2006. |
|
| 300 |
_a310 páginas : _bilustraciones ; _c20 centímetros |
||
| 336 |
_atext _2rdacontent |
||
| 337 |
_aunmediated _2rdamedia |
||
| 338 |
_avolume _2rdacarrier |
||
| 504 | _aIncluye bibliografía. | ||
| 505 | 0 | _aConceptos básicos -- Excel financiero: funciones y paleta de fórmulas -- Interés simple -- Interés compuesto -- Operaciones de descuento -- Tasa -- Inflación y devaluación -- Las seis llaves maestras de las matemáticas financieras -- Anualidades vencidas y anticipadas -- Anualidades diferidas perpetuidades -- Programas de amortización de crédito -- Depreciación -- Valorización de bonos -- VAN y TIR en el análisis financiero de inversiones. | |
| 526 | _aSEG44 | ||
| 526 | _aSEG26 | ||
| 526 | _aP159 | ||
| 526 | _aP155 | ||
| 526 | _aP154 | ||
| 526 | _aP153 | ||
| 526 | _aP150 | ||
| 526 | _aP100 | ||
| 526 | _aP31 | ||
| 526 | _aP30 | ||
| 526 | _aP26 | ||
| 526 | _aP25 | ||
| 526 | _aP24 | ||
| 526 | _aP22 | ||
| 526 | _aP15 | ||
| 526 | _aP10 | ||
| 650 | 0 | 4 |
_aMatemáticas financieras. _94730 |
| 650 | 0 | 4 |
_aMatemáticas financieras _vProblemas, ejercicios, etc. |
| 910 |
_bjv _cjv _d20061121 |
||
| 942 |
_2ddc _cBOOK |
||
| 949 |
_a510.02465 F18 _wDEWEY _c1 _i56804 _lCCODEBUL1 _mBUL _p12.00 _r0 _sY _tBOOK _u2015-06-25 _xFCE _zINFORMATIC _0COMPRA _o.STAFF. Colección Ciencias Empresariales |
||
| 994 |
_aC0 _bPEPRU |
||
| 596 | _a1 | ||
| 999 |
_a510.02465 F18 _wDEWEY _c45943 _i56804 _d45943 _e2019-11-11 _f2021-11-5 _g7 _lCCODEBUL1 _mBUL _n24 _p12.00 _q2 _r0 _sY _tBOOK _u2015-6-25 _xBIBLIOTECA _zINFORMATIC _0COMPRA _o.STAFF. Colección Ciencias Empresariales |
||
| 980 |
_81 _gALBERTO SANCHEZ Responsable de Automatización |
||